| 000 | 00909nam a22003017a 4500 | ||
|---|---|---|---|
| 001 | 0006210 | ||
| 003 | KOHA_MİRAKIL | ||
| 005 | 20260207001515.0 | ||
| 007 | ta | ||
| 008 | 090619b1997 tu |||gr||||#||||1|tur | | ||
| 020 | _a9753636504 | ||
| 040 |
_aTR-BiSEU _btur _cTR-BiSEU _erda |
||
| 041 | 0 | _atur | |
| 044 | _ctu | ||
| 050 |
_aPL229 _b.G85 1997 |
||
| 245 | 0 |
_aGül yaprağın'döktü bugün : _bağıtlar/ _chazırlayan Alpay Kabacalı. |
|
| 250 | _a1. bsk. | ||
| 264 | 1 |
_aİstanbul : _bYapı Kredi Yayınları _c1997 |
|
| 300 | _a395 sayfa; 21 cm. | ||
| 336 |
_ametin _btxt _2rdacontent |
||
| 337 |
_aaracısız _bn _2rdamedia |
||
| 338 |
_acilt _bnc _2rdacarrier |
||
| 490 | 1 | _aYapı Kredi yayınları şiir ;71 | |
| 650 | 0 |
_aFolk literature, Turkish--Turkey. _915358 |
|
| 650 | 0 |
_aHalk edebiyatı Türk--Türkiye. _915359 |
|
| 830 | 1 |
_aYapı Kredi yayınları şiir ;71 _915360 |
|
| 942 |
_2lcc _cBK |
||
| 999 |
_c6191 _d6191 |
||